| 000 | 00974nac a22002891u 4500 | ||
|---|---|---|---|
| 010 | _a 94154532 | ||
| 020 | _a1557383960 : | ||
| 082 | 0 | 0 |
_a332.103 _bWOE |
| 090 |
_c7423 _d7423 |
||
| 100 | _a20080729 | ||
| 245 | 0 | 0 |
_aEncyclopedia of banking & finance / _c[edited by] Charles J. Woelfel. |
| 250 | _a10th ed. | ||
| 260 |
_aChicago : _bProbus Pub. Co.,1994 _cc1994. |
||
| 300 |
_axxvii, 1219 p. : _bill. ; _c29 cm. |
||
| 440 | 2 | _aA Bankline publication | |
| 500 | _adistributer: Al-Ahram | ||
| 504 | _aIncludes bibliographical references. | ||
| 511 | _acatalogued by: wessam | ||
| 650 | 0 |
_aBanks and banking _xEncyclopedias. |
|
| 650 | 0 |
_aFinance _xEncyclopedias. |
|
| 650 | 0 |
_aBanks and banking _zUnited States _xEncyclopedias. |
|
| 700 | 1 | _aWoelfel, Charles J. | |
| 740 | 0 | _aEncyclopedia of banking and finance. | |
| 740 | 0 | _aBanking & finance. | |
| 740 | 0 | _aBanking and finance. | |
| 942 |
_cNB _k332.103WOE |
||
| 999 |
_c7423 _d7423 |
||